000 00917nam a2200325Ia 4500
003 OSt
005 20220912150335.0
006 a|||||r|||| 00| 0
007 ta
008 220909b |||||||| |||| 00| 0 eng d
020 _a0201130467 (pbk)
024 _a3190
037 _bNarosa,
037 _cTextual
040 _aCSL
_beng
_cCSL
041 _aeng
082 _aB7:3551, M9
100 _aDevaney Robert L
245 0 _a<An>introduction to chaotic dynamical systems by Robert L Devaney
250 _a2
260 _aReading, Massachusetts
_bAddison-Wesley Publishing Company
_c1989
300 _axvi,336p
500 _aIndex 333-336p; ^mPurchase^n23/CSL/C/94-95/2295^d1994-12-01
650 _a Chaos
650 _a Dynamics
650 _a Nonlinear systems
650 _aMathematics
942 _hB7:3551, M9
_cTEXL
_2CC
999 _c45296
_d45296